|
|
|
|
| LEADER |
00000naa2a2200000 4500 |
| 001 |
605119 |
| 005 |
20260224125603.0 |
| 035 |
|
|
|a (RuTPU)RU\TPU\conf\2404
|
| 035 |
|
|
|a RU\TPU\conf\2403
|
| 090 |
|
|
|a 605119
|
| 100 |
|
|
|a 20140403d2013 k y0rusy50 ca
|
| 101 |
0 |
|
|a rus
|
| 102 |
|
|
|a RU
|
| 135 |
|
|
|a drnn ---uucaa
|
| 181 |
|
0 |
|a i
|
| 182 |
|
0 |
|a b
|
| 200 |
1 |
|
|a Надо ли защищать права на интеллектуальную собственность: проблемы и суждения
|f Г. А. Барышева
|
| 203 |
|
|
|a Текст
|c электронный
|
| 215 |
|
|
|a 1 файл (358 Кб)
|
| 225 |
1 |
|
|a Материалы пленарного заседания
|
| 300 |
|
|
|a Заглавие с титульного листа.
|
| 320 |
|
|
|a [Библиогр.: с. 6 (4 назв.)]
|
| 337 |
|
|
|a Adobe Reader
|
| 463 |
|
1 |
|0 (RuTPU)RU\TPU\conf\2405
|t Трансформация научных парадигм и коммуникативные практики в информационном социуме
|o сборник научных трудов конференции, г. Томск, 22-23 ноября 2012 г.
|f Национальный исследовательский Томский политехнический университет (ТПУ) ; ред. коллегия В. И. Турнаев [и др.]
|v [С. 3-6]
|d 2013
|
| 610 |
1 |
|
|a труды учёных ТПУ
|
| 610 |
1 |
|
|a электронный ресурс
|
| 610 |
1 |
|
|a интеллектуальная собственность
|
| 610 |
1 |
|
|a Россия
|
| 610 |
1 |
|
|a права
|
| 610 |
1 |
|
|a патенты
|
| 700 |
|
1 |
|a Барышева
|b Г. А.
|c экономист
|c профессор Томского политехнического университета, доктор экономических наук
|f 1961-
|g Галина Анзельмовна
|3 (RuTPU)RU\TPU\pers\25765
|9 11658
|
| 712 |
0 |
2 |
|a Национальный исследовательский Томский политехнический университет (ТПУ)
|b Институт социально-гуманитарных технологий (ИСГТ)
|b Кафедра экономики (ЭКОН)
|3 (RuTPU)RU\TPU\col\18375
|
| 801 |
|
2 |
|a RU
|b 63413507
|c 20140403
|g RCR
|
| 856 |
4 |
|
|u http://www.lib.tpu.ru/fulltext/c/2012/C26/001.pdf
|
| 942 |
|
|
|c CF
|